000 00536pab a2200181 454500
008 180718b2012 xxu||||| |||| 00| 0 eng d
100 _aHilson, Gavin
245 _aPoverty and livelihood diversification in rural Liberia: Exploring the linkages between artisanal diamond mining and smallholder rice production
260 _c2012
300 _ap.413-418.
362 _aMar
650 _aRice
650 _aPoverty
700 _aBockstael, Steven Van
773 _aJournal of Development Studies
908 _aN
909 _a96164
999 _c96164
_d96164